Euskotren - Estadísticas

Estadísticas generales
  • Esta prueba ha sido intentada 198 veces
  • La puntuación promedio es 34 de 82
Estadísticas de respuestas
Respuesta % Correcto
Amara-Donostia
78%
Eibar
76%
Irun-Colon
75%
Deba
72%
Matiko-Bilbao
71%
Zarautz
71%
Zumaia
71%
Durango
69%
Zazpikaleak / Casco Viejo-Bilbao
69%
Ermua
67%
Hendaia
66%
Elgoibar
63%
Gernika
62%
Amorebieta
59%
Errenteria
59%
Lasarte-Oria
57%
Anoeta-Donostia
56%
Bermeo
56%
Otxarkoaga-Bilbao
54%
Uribarri-Bilbao
54%
Kukullaga-Etxebarri
53%
Pasaia
52%
Usansolo
52%
Etxebarri
51%
Lugaritz-Donostia
50%
Txurdinaga-Bilbao
50%
Zaldibar
50%
Zurbaranbarri-Bilbao
50%
Lemoa
49%
Usurbil
48%
Berriz
47%
Lezama
47%
Loiola-Donostia
47%
Añorga-Donostia
46%
Ficoba-Irun
46%
Altza-Donostia
45%
Intxaurrondo-Donostia
45%
Errekalde-Donostia
43%
Sondika
43%
Mendaro
42%
Euba
41%
Herrera-Donostia
41%
Unibertsitatea-Eibar
41%
Oiartzun
40%
Mundaka
39%
Bedia
37%
Zamudio
37%
Ariz-Basauri
36%
San Pelaio-Zarautz
36%
Arroa-Zestoa
35%
Derio
35%
Zuhatzu-Galdakao
35%
Aia-Orio
34%
Ardantza-Eibar
31%
Bentak-Irun
31%
Fanderia-Errenteria
31%
Amaña-Eibar
29%
Amorebieta-Geralekua
28%
Galtzaraborda-Errenteria
28%
Lutxana-Erandio
28%
Traña-Abadiño
28%
Forua
27%
Muxika
27%
Ola-Sondika
27%
Azitain-Eibar
25%
Gaintxurizketa-Lezo
25%
Altzola
24%
Belaskoenea-Irun
24%
Errotabarri-Ermua
24%
Institutoa-Gernika
24%
San Lorentzo-Ermua
24%
Toletxegain-Elgoibar
22%
Kurtzea-Lezama
20%
Itsasbegi-Busturia
19%
Lurgorri-Gernika
19%
Elotxelerri-Loiu
18%
Axpe-Busturia
17%
Larrondo-Loiu
17%
Lekunbiz
16%
Zangroiz-Sondika
14%
Zugastieta-Muxika
12%
San Kristobal-Busturia
11%
No se encontraron pruebas coincidentes
Distribución de puntuación
Porcentaje de gente con cada puntuación
Porcentaje por número respondido
Historial de tus puntuaciones
No has intentado esta prueba.